000 00550nam a2200217Ia 4500
003 OSt
005 20220924134856.0
006 a|||||r|||| 00| 0
007 ta
008 220923b |||||||| |||| 00| 0 ben d
024 _a287613
037 _cTextual
040 _aARTS
_cARTS
_bben
041 _2ben
_aben
082 _aDelta2y7M09w, 157M7
100 _aDasi Rash Sudari
_9209397
245 0 _aAmarjiban
260 _c1987
942 _hDelta2y7M09w, 157M7
_cTEXL
_2CC
999 _c438895
_d438895